Clubs UCL/UEL/UECL 2025/2026 - Statistiques

Statistiques générales
  • Ce quiz a été pris 50 fois
  • Le résultat moyen est 41 sur 108
Statistiques - réponses
Equipe % Correct
PSG
95%
Real Madrid
91%
OM
84%
FC Barcelone
81%
Arsenal
79%
Atlético Madrid
79%
Bayern Munich
77%
Liverpool
77%
OL
77%
Lille
74%
AS Monaco
72%
Chelsea
72%
Inter Milan
72%
Tottenham
72%
Borussia Dortmund
70%
Racing Strasbourg
70%
Benfica
67%
Manchester City
67%
Naples
67%
OGC Nice
65%
Ajax
63%
Juventus
63%
Aston Villa
60%
Bayer Leverkusen
60%
Newcastle
60%
Galatasaray
58%
PSv
58%
Atalanta
56%
Porto
53%
Athletic Bilbao
51%
Kairat Almaty
51%
Pafos
51%
Young Boys
51%
Club Bruges
49%
Qarabag
49%
Bodo Glimt
47%
Eintracht Francfort
47%
Fenerbahce
47%
Fiorentina
47%
Celtic Glasgow
44%
AS Rome
42%
FC Copenhague
42%
Malmo
42%
Olympiakos
42%
Rangers
42%
Villareal
42%
RB Salzbourg
40%
Union Saint-Gilloise
40%
Crystal Palace
37%
Etoile Rouge Belgrade
37%
Feyenoord
37%
Braga
35%
Nottingham Forest
35%
Slavia Prague
35%
Sporting Lisbonne
35%
Dynamo Kiev
33%
FC Bale
33%
Panathinaikos
33%
VFL Stuttgart
33%
Dinamo Zagreb
30%
Genk
30%
Real Betis
30%
Steaua Bucarest
30%
Legia Varsovie
28%
PAOK
28%
AEK Athènes
26%
FC Bologne
26%
Ferencvaros
26%
Sparta Prague
26%
Rapid Vienne
23%
Rayo Vallecano
23%
Utrecht
23%
AZ Alkmaar
21%
Lech Poznan
21%
Ludogorets
21%
Maccabi Tel-Aviv
21%
Sturm Graz
21%
Aberdeen
19%
Brann
19%
Celta Vigo
19%
Lausanne-Sports
19%
Mainz
19%
Shakhtar Donetsk
19%
Slovan Bratislava
19%
Breidablik
16%
Celje
16%
Freiburg
16%
Midtjylland
16%
Viktoria Plzen
16%
Shamrock Rovers
14%
AEK Larnacca
12%
Go Ahead Eagles
12%
Hamrun Spartans
12%
Jagiellonia Bialystok
12%
Noah
12%
Rijeka
12%
Samsunspor
9%
Shelbourne
9%
KUPS Kuopio
7%
Omonia Nicosie
7%
Rakow Czestochowa
7%
Sigma Olomouc
7%
Drita
5%
Hacken
5%
Lincoln Reds
5%
Universitatea Craiova
5%
Shkendija
2%
Zrinjiski
0%
Aucun quiz correspondant
Distribution des résultats
% des personnes avec chaque résultat
Percentile par nombre de réponses
Votre historique - résultats
Vous n’avez pas pris ce quiz